Uniknya kesenian dan hiburan tradisional kita

Bibliographic Details
Main Author: MasAnom Musdar
Format: Book
Published: Selangor : Anugerah Publications. , 2014

MARC

LEADER 00000cam a2200000 7i4500
001 0000061700
005 20160321.0
008 160321
020 |a 9789670361628 
090 0 0 |a CUS   |b MAL 
100 1 |a MasAnom Musdar 
245 1 0 |a Uniknya kesenian dan hiburan tradisional kita   |c Mas Anom Musdar 
260 |a Selangor :   |b Anugerah Publications. ,   |c 2014 
999 |a 0001307756   |b Book   |c Children Collection   |e Cawangan Batu Pahat 
999 |a 0001307758   |b Book   |c Children Collection   |e Cawangan Sri Merlong